000 00333 a2200133 4500
000 nam a22 7a 4500
100 _aGianluca Stefanucci
110 _aGianluca Stefanucci
245 _aQuantum Mechanics for Material Science
250 _alatest edition
260 _bSpringer
_c2024
264 _bSpringer
_c2024
942 _cBK
999 _c397137
_d397137